[Event "RUS-chT Premier 2019"]
[Site "Sochi"]
[Date "2019.05.09"]
[Round "8.26"]
[White "Kamsky, Gata"]
[Black "Nozdrachev, Vladislav"]
[Result "1-0"]
[WhiteElo "2664"]
[BlackElo "2489"]
[Annotator "TA"]
[PlyCount "65"]
[EventDate "2019.05.01"]
[EventType "team-tourn"]
[EventCountry "RUS"]
[SourceTitle "playchess.com"]
[Source "ChessBase"]
[SourceQuality "1"]

{[%evp 12,65,11,8,3,8,8,11,13,0,31,31,32,32,39,4,24,29,37,43,53,25,31,22,30,31,24,30,55,48,59,43,99,89,115,54,53,40,74,79,98,106,123,122,105,15,16,39,130,138,329,318,471,469,467,445]} 1. d4 Nf6 2. Bf4 e6 3. e3 b6 4. Nf3 Bb7 5. Nbd2 Be7 6. h3 O-O 7. Bd3 c5 {A47: 1 d4 Nf6 2 Nf3 b6: Torre, London and Colle Systems} 8. O-O d6 (8... cxd4 9. exd4 d6 10. a4 a6 11. c4 Nc6 12. Qb3 d5 13. c5 Nd7 14. Rfc1 a5 15. cxb6 Nxb6 {0-1 (36) Naiditsch,A (2705)-Ponomariov,R (2694) Riadh 2017}) 9. Re1 Nbd7 {The position is equal.} 10. Bh2 cxd4 11. exd4 Qc7 12. a4 a6 13. c4 a5 $146 ({Predecessor:} 13... Rac8 14. a5 bxa5 15. Nb3 Qb6 16. d5 e5 17. Nxa5 {1-0 (35) Panic,N (2340)-Todorovic,N (2251) Kragujevac 2016}) 14. Nb1 {[%cal Bd2b1,Bb1c3,Bc3b5][%mdl 32]} Nb8 {[%cal Bd7b8,Bb8a6,Ba6b4][%mdl 32]} 15. Nc3 Na6 16. Rc1 Nb4 17. Nb5 Qd8 18. Bb1 Rc8 19. b3 d5 20. Ne5 Ne4 21. Bf4 f6 ({Better is} 21... f5 $14) 22. Nd3 $1 $16 e5 23. Bh2 ({White should play} 23. dxe5 $16 {And now cxd5 would win.} Nxd3 24. Qxd3 (24. Bxd3 Nxf2 25. Kxf2 fxe5 $15 {[%mdl 64] Pin}) 24... fxe5 25. Bxe5) 23... Nxd3 24. Qxd3 {Threatens to win with cxd5.} Bb4 25. Red1 $1 exd4 {[#]} 26. Bc7 $1 {[%cal Rc7d8][%mdl 512]} Qe7 {[#]} (26... Rxc7 27. Nxc7) 27. cxd5 $1 (27. Bxb6 $6 f5 $14) 27... f5 28. Bxb6 (28. Qxd4 $16 Bc5 29. Rxc5 Nxc5 30. Bd6 (30. Bxb6 Nxb3 31. Qb2 Nc5 $16)) 28... Rxc1 $11 29. Rxc1 {Black must now prevent Rc7.} Nd2 (29... Qg5 $14 30. Rc7 Bxd5 31. Bxd4 Nc5) 30. Bxd4 $16 Bxd5 $2 (30... Rc8 $16 31. Rxc8+ Bxc8) 31. Bc5 $18 Nf3+ (31... Qe4 $142 32. Qxe4 fxe4) 32. Qxf3 ({Worse is} 32. gxf3 Qg5+ 33. Kh2 Qf4+ {[%mdl 64] Double Attack} 34. Kg2 Qg5+ 35. Kh2 Qf4+ {[%mdl 64] Double Attack} 36. Kg2 Qg5+ 37. Kh2 $11) 32... Qxc5 33. Qd1 {Accuracy: White = 62%, Black = 39%.} ({Not} 33. Rxc5 Bxf3 34. Rxf5 Rxf5 $16) 1-0

[Event "RUS-chT Premier 2019"]
[Site "Sochi"]
[Date "2019.05.09"]
[Round "8.27"]
[White "Chernobay, Artem"]
[Black "Timofeev, Artyom"]
[Result "1/2-1/2"]
[WhiteElo "2503"]
[BlackElo "2602"]
[Annotator "ChessBase"]
[PlyCount "59"]
[EventDate "2019.05.01"]
[EventType "team-tourn"]
[EventCountry "RUS"]
[SourceTitle "playchess.com"]
[Source "ChessBase"]
[SourceQuality "1"]
[TimeControl "40/5400+30:1800+30"]

1. e4 {[%emt 0:00:00]} c5 {[%emt 0:00:56]} 2. Nf3 {[%emt 0:00:00]} e6 {[%emt 0:00:33]} 3. d4 {[%emt 0:00:22]} cxd4 {[%emt 0:00:07]} 4. Nxd4 {[%emt 0:00:03]} Nc6 {[%emt 0:00:08]} 5. Nc3 {[%emt 0:00:33]} d6 {[%emt 0:00:24]} 6. g4 {[%emt 0:05:49]} a6 {[%emt 0:01:32]} 7. Rg1 {[%emt 0:01:59]} Nge7 {[%emt 0:06:51]} 8. Be3 {[%emt 0:02:38]} Bd7 {[%emt 0:06:24]} 9. Qd2 {[%emt 0:07:41]} Nxd4 {[%emt 0:02:34]} 10. Qxd4 {[%emt 0:00:51]} Nc6 {[%emt 0:00:44]} 11. Qd2 {[%emt 0:01:13]} Be7 {[%emt 0:08:25]} 12. g5 {[%emt 0:02:00]} Qa5 {[%emt 0:09:22]} 13. O-O-O {[%emt 0:16:30]} b5 {[%emt 0:03:36]} 14. Kb1 {[%emt 0:00:48]} O-O {[%emt 0:20:43]} 15. f4 {[%emt 0:00:41]} Rfc8 {[%emt 0:02:31]} 16. Bh3 {[%emt 0:12:55]} Rc7 {[%emt 0:05:05]} 17. f5 {[%emt 0:10:39]} b4 {[%emt 0:03:12]} 18. Ne2 {[%emt 0:00:05]} exf5 {[%emt 0:02:52]} 19. exf5 {[%emt 0:06:25]} b3 {[%emt 0:04:41]} 20. Qxa5 {[%emt 0:03:53]} bxc2+ {[%emt 0:00:07]} 21. Kxc2 {[%emt 0:00:01]} Nxa5+ {[%emt 0:00:08]} 22. Kb1 {[%emt 0:00:05]} Rb8 {[%emt 0:03:54]} 23. Bd4 {[%emt 0:01:35]} g6 {[%emt 0:04:09]} 24. Nc3 {[%emt 0:02:11]} Nc4 {[%emt 0:02:00]} 25. Nd5 {[%emt 0:09:38]} Na3+ {[%emt 0:00:45]} 26. Ka1 {[%emt 0:00:03]} Nc2+ {[%emt 0:00:10]} 27. Kb1 {[%emt 0:00:02]} Na3+ {[%emt 0:00:20]} 28. Ka1 {[%emt 0:00:04]} Nc2+ {[%emt 0:00:07]} 29. Kb1 {[%emt 0:00:02]} Na3+ {[%emt 0:00:08]} 30. Ka1 {[%emt 0:00:04]} 1/2-1/2

[Event "RUS-chT Premier 2019"]
[Site "Sochi"]
[Date "2019.05.09"]
[Round "8.28"]
[White "Faizrakhmanov, Ramil"]
[Black "Bykov, Oleg"]
[Result "0-1"]
[WhiteElo "2438"]
[BlackElo "2395"]
[Annotator "ChessBase"]
[PlyCount "98"]
[EventDate "2019.05.01"]
[EventType "team-tourn"]
[EventCountry "RUS"]
[SourceTitle "playchess.com"]
[Source "ChessBase"]
[SourceQuality "1"]
[TimeControl "40/5400+30:1800+30"]

1. d4 {[%emt 0:00:00]} Nf6 {[%emt 0:00:00]} 2. c4 {[%emt 0:00:00]} e6 {[%emt 0:00:23]} 3. Nf3 {[%emt 0:00:16]} b6 {[%emt 0:00:07]} 4. g3 {[%emt 0:00:58]} Bb4+ {[%emt 0:00:09]} 5. Bd2 {[%emt 0:00:42]} Be7 {[%emt 0:00:07]} 6. Bg2 {[%emt 0:02:22]} c6 {[%emt 0:00:07]} 7. O-O {[%emt 0:03:02]} O-O {[%emt 0:00:11]} 8. Nc3 {[%emt 0:03:47]} d5 {[%emt 0:00:10]} 9. cxd5 {[%emt 0:04:59]} cxd5 {[%emt 0:00:11]} 10. Rc1 {[%emt 0:01:31]} Bb7 {[%emt 0:03:09]} 11. Ne5 {[%emt 0:02:56]} Nbd7 {[%emt 0:01:06]} 12. Nd3 {[%emt 0:01:38]} Rc8 {[%emt 0:04:55]} 13. Bf4 {[%emt 0:08:08]} Nb8 {[%emt 0:11:33]} 14. Bxb8 {[%emt 0:03:24]} Rxb8 {[%emt 0:00:11]} 15. Qa4 {[%emt 0:01:26]} a6 {[%emt 0:03:17]} 16. Qb3 {[%emt 0:03:38]} Qd6 {[%emt 0:03:58]} 17. Ne5 {[%emt 0:11:58]} b5 {[%emt 0:05:49]} 18. Nd3 {[%emt 0:08:05]} Nd7 {[%emt 0:03:50]} 19. e3 {[%emt 0:01:23]} Rfc8 {[%emt 0:06:01]} 20. Qd1 {[%emt 0:00:53]} Bc6 {[%emt 0:12:54]} 21. b4 {[%emt 0:09:57]} a5 {[%emt 0:00:54]} 22. a3 {[%emt 0:01:55]} Nb6 {[%emt 0:00:57]} 23. Nc5 {[%emt 0:02:23]} Nc4 {[%emt 0:01:46]} 24. Nb1 {[%emt 0:00:16]} Rd8 {[%emt 0:08:39]} 25. Qb3 {[%emt 0:06:09]} Ra8 {[%emt 0:05:58]} 26. Rfd1 {[%emt 0:00:55]} Qc7 {[%emt 0:03:23]} 27. Nc3 {[%emt 0:01:50]} axb4 {[%emt 0:07:25]} 28. axb4 {[%emt 0:00:10]} Ra3 {[%emt 0:00:13]} 29. Qc2 {[%emt 0:01:27]} Qa7 {[%emt 0:05:37]} 30. Re1 {[%emt 0:06:31]} Qa8 {[%emt 0:02:03]} 31. Rcd1 {[%emt 0:01:19]} g6 {[%emt 0:02:12]} 32. Bf1 {[%emt 0:01:28]} Kg7 {[%emt 0:02:43]} 33. h4 {[%emt 0:00:24]} e5 {[%emt 0:03:56]} 34. Bg2 {[%emt 0:07:22]} e4 {[%emt 0:01:59]} 35. Rc1 {[%emt 0:01:52]} Qa7 {[%emt 0:00:30]} 36. f3 {[%emt 0:00:44]} Bxc5 {[%emt 0:00:57]} 37. dxc5 {[%emt 0:00:59]} exf3 {[%emt 0:00:29]} 38. Bxf3 {[%emt 0:00:23]} d4 {[%emt 0:00:21]} 39. Bxc6 {[%emt 0:00:57]} Rxc3 {[%emt 0:00:16]} 40. Qe4 {[%emt 0:00:00]} Rxc1 {[%emt 0:00:00]} 41. Rxc1 {[%emt 0:01:22]} Nxe3 {[%emt 0:24:32]} 42. Qe5+ {[%emt 0:08:19]} Kg8 {[%emt 0:02:46]} 43. h5 {[%emt 0:08:36]} Qa3 {[%emt 0:00:42]} 44. Rb1 {[%emt 0:00:54]} Qa2 {[%emt 0:01:04]} 45. Re1 {[%emt 0:02:28]} Qd2 {[%emt 0:00:51]} 46. Ra1 {[%emt 0:05:03]} Ng4 {[%emt 0:00:30]} 47. Qf4 {[%emt 0:00:57]} Qh2+ {[%emt 0:00:05]} 48. Kf1 {[%emt 0:00:02]} Ne3+ {[%emt 0:00:11]} 49. Ke1 {[%emt 0:00:06]} Qg1+ {[%emt 0:00:48]} 0-1

[Event "RUS-chT Premier 2019"]
[Site "Sochi"]
[Date "2019.05.09"]
[Round "8.29"]
[White "Ofitserian, Boris"]
[Black "Makhmutov, Rail"]
[Result "0-1"]
[WhiteElo "2413"]
[BlackElo "2390"]
[Annotator "ChessBase"]
[PlyCount "66"]
[EventDate "2019.05.01"]
[EventType "team-tourn"]
[EventCountry "RUS"]
[SourceTitle "playchess.com"]
[Source "ChessBase"]
[SourceQuality "1"]
[TimeControl "40/5400+30:1800+30"]

1. Nf3 {[%emt 0:00:00]} Nf6 {[%emt 0:00:00]} 2. c4 {[%emt 0:00:00]} c5 {[%emt 0:00:16]} 3. e3 {[%emt 0:03:30]} g6 {[%emt 0:03:19]} 4. b3 {[%emt 0:00:49]} Bg7 {[%emt 0:01:32]} 5. Bb2 {[%emt 0:00:06]} O-O {[%emt 0:01:02]} 6. g3 {[%emt 0:00:24]} Nc6 {[%emt 0:05:44]} 7. Bg2 {[%emt 0:00:23]} d5 {[%emt 0:01:34]} 8. d4 {[%emt 0:08:10]} dxc4 {[%emt 0:13:34]} 9. bxc4 {[%emt 0:00:17]} cxd4 {[%emt 0:01:26]} 10. Nxd4 {[%emt 0:04:18]} Bg4 {[%emt 0:03:29]} 11. Qc2 {[%emt 0:07:44]} Na5 {[%emt 0:07:49]} 12. Nd2 {[%emt 0:08:58]} Rc8 {[%emt 0:05:16]} 13. h3 {[%emt 0:01:00]} Bd7 {[%emt 0:00:12]} 14. a4 {[%emt 0:27:14]} a6 {[%emt 0:09:05]} 15. O-O {[%emt 0:09:04]} Nxc4 {[%emt 0:02:10]} 16. Nxc4 {[%emt 0:00:12]} b5 {[%emt 0:00:06]} 17. axb5 {[%emt 0:00:33]} axb5 {[%emt 0:00:02]} 18. Ra6 {[%emt 0:02:36]} Rxc4 {[%emt 0:04:03]} 19. Qb3 {[%emt 0:00:14]} Qc8 {[%emt 0:00:45]} 20. Rfa1 {[%emt 0:02:14]} Ra4 {[%emt 0:05:57]} 21. R1xa4 {[%emt 0:01:24]} bxa4 {[%emt 0:00:08]} 22. Qb6 {[%emt 0:00:08]} Bxh3 {[%emt 0:14:57]} 23. Nc6 {[%emt 0:01:04]} Re8 {[%emt 0:06:47]} 24. Nxe7+ {[%emt 0:05:53]} Rxe7 {[%emt 0:00:02]} 25. Ra8 {[%emt 0:00:45]} Qxa8 {[%emt 0:00:11]} 26. Bxa8 {[%emt 0:00:06]} Re8 {[%emt 0:02:48]} 27. Bc6 {[%emt 0:01:10]} Rc8 {[%emt 0:01:30]} 28. Bb7 {[%emt 0:09:44]} Nd7 {[%emt 0:01:45]} 29. Qd6 {[%emt 0:02:26]} Bxb2 {[%emt 0:04:57]} 30. Bxc8 a3 {[%emt 0:00:01]} 31. Qd2 {[%emt 0:02:10]} Ne5 {[%emt 0:01:04]} 32. Qc2 {[%emt 0:01:25]} Nf3+ {[%emt 0:00:26]} 33. Kh1 {[%emt 0:00:05]} Bg2+ {[%emt 0:00:05]} 0-1

[Event "RUS-chT Premier 2019"]
[Site "Sochi"]
[Date "2019.05.09"]
[Round "8.30"]
[White "Toropov, Pavel"]
[Black "Nozdrachev, Leonid"]
[Result "0-1"]
[WhiteElo "2327"]
[BlackElo "2367"]
[Annotator "NA"]
[PlyCount "92"]
[EventDate "2019.05.01"]
[EventType "team-tourn"]
[EventCountry "RUS"]
[SourceTitle "playchess.com"]
[Source "ChessBase"]
[SourceQuality "1"]
[TimeControl "40/5400+30:1800+30"]

1. e4 {[%emt 0:00:00]} e5 {[%emt 0:00:00]} 2. Nf3 {[%emt 0:00:00]} Nc6 {[%emt 0:00:00]} 3. d4 {[%emt 0:00:00]} exd4 {[%emt 0:00:00]} 4. Nxd4 {[%emt 0:00:00]} Nf6 {[%emt 0:00:00]} 5. Nc3 {[%emt 0:00:00]} Bb4 {[%emt 0:00:00]} 6. Nxc6 {[%emt 0:00:00]} bxc6 {[%emt 0:00:02]} 7. Bd3 {[%emt 0:00:00]} d5 {[%emt 0:00:04]} 8. exd5 {[%emt 0:00:04]} O-O {[%emt 0:00:03]} 9. O-O {[%emt 0:00:29]} cxd5 {[%emt 0:00:05]} 10. Bg5 {[%emt 0:00:10]} c6 {[%emt 0:00:08]} 11. Qf3 {[%emt 0:00:11]} Rb8 {[%emt 0:01:26]} 12. h3 {[%emt 0:01:08] C47: Scotch Four Knights and Four Knights with 4 g3} Be6 {[%emt 0:00:39]} (12... Bd6 13. b3 Be5 14. Bf4 Bxf4 15. Qxf4 Be6 16. Na4 Qa5 17. Rfe1 c5 18. c4 dxc4 19. Bxc4 Bxc4 20. Qxc4 Rb4 {½-½ (37) Nisipeanu,L (2657)-Demchenko,A (2670) Barcelona 2018}) 13. Ne2 {[%emt 0:00:31]} h6 {[%emt 0:01:57]} 14. Bf4 {[%emt 0:00:24]} Bd6 {[%emt 0:01:53]} 15. b3 {[%emt 0:00:07]} c5 {[%emt 0:03:01]} 16. Rad1 {[%emt 0:01:32]} Rb6 {[%emt 0:04:24]} 17. c4 {[%emt 0:07:56]} Re8 $146 {[%emt 0:10:21]} ({Predecessor:} 17... d4 18. Rfe1 Bc8 19. Bxd6 Qxd6 20. Ng3 g6 21. Ne4 Nxe4 22. Bxe4 {0-1 (43) Honfi,K-Milev,Z Varna 1962}) 18. Nc3 {[%emt 0:05:07]} Bxf4 {[%emt 0:09:03]} 19. Qxf4 {[%emt 0:00:27]} d4 {[%emt 0:02:58]} 20. Na4 {[%emt 0:02:31]} Rc6 {[%emt 0:01:08]} 21. Rfe1 {[%emt 0:00:11]} Qc7 {[%emt 0:13:56]} 22. Qf3 {[%emt 0:05:04]} Bd7 {[%emt 0:05:06]} 23. Bf5 {[%emt 0:01:32]} Rxe1+ {[%emt 0:11:32]} 24. Rxe1 {[%emt 0:00:01]} Be8 {[%emt 0:00:19]} 25. Qe2 {[%emt 0:05:00]} g6 {[%emt 0:04:22]} 26. Bg4 {[%emt 0:11:26]} h5 {[%emt 0:01:29]} 27. Bf3 {[%emt 0:00:01]} Re6 {[%emt 0:00:44]} 28. Qd2 {[%emt 0:00:03]} Rxe1+ {[%emt 0:01:18]} 29. Qxe1 {[%emt 0:00:01]} Bxa4 $1 {[%emt 0:00:18]} 30. bxa4 {[%emt 0:00:01]} Qd6 {[%emt 0:07:44]} (30... h4 $19 31. Qe2 Kg7) 31. Qd2 {[%emt 0:04:14]} Kg7 {[%emt 0:02:16]} 32. Qb2 {[%emt 0:13:39]} d3 {[%emt 0:08:35]} 33. Bd5 {[%emt 0:04:03]} Qb6 {[%emt 0:07:16]} 34. Qxb6 {[%emt 0:03:26]} axb6 {[%emt 0:00:02]} 35. Bf3 {[%emt 0:00:01]} Ne8 {[%emt 0:00:45]} 36. Be4 {[%emt 0:17:44]} d2 {[%emt 0:00:05]} 37. Bc2 {[%emt 0:00:02]} Kf6 {[%emt 0:01:07]} 38. f4 {[%emt 0:14:51]} Nd6 {[%emt 0:00:17]} 39. Kf2 {[%emt 0:00:42]} Nxc4 {[%emt 0:01:10]} 40. Ke2 {[%emt 0:00:00]} Ke6 {[%emt 0:00:00]} 41. Be4 {[%emt 0:12:06]} h4 {[%emt 0:02:40]} 42. Bf3 $19 {[%emt 0:05:25]} (42. Kd1 $142 Nd6 43. Bc2) 42... Kf5 {[%emt 0:05:06]} 43. Kd1 {[%emt 0:05:53]} Kxf4 {[%emt 0:00:21]} 44. Be2 {[%emt 0:00:08]} Ne3+ {[%emt 0:00:23]} 45. Kxd2 {[%emt 0:00:07]} Nxg2 {[%emt 0:00:33]} 46. Kd3 {[%emt 0:00:28]} Ne3 {[%emt 0:00:15]} 0-1

[Event "RUS-chT Premier 2019"]
[Site "Sochi"]
[Date "2019.05.10"]
[Round "9.1"]
[White "Artemiev, Vladislav"]
[Black "Pershin, Denis"]
[Result "1-0"]
[WhiteElo "2754"]
[BlackElo "2409"]
[Annotator "TA"]
[PlyCount "59"]
[EventDate "2019.05.01"]
[EventType "team-tourn"]
[EventCountry "RUS"]
[SourceTitle "playchess.com"]
[Source "ChessBase"]
[SourceQuality "1"]

{[%evp 9,59,6,20,23,32,10,20,20,24,18,34,40,35,29,55,30,41,56,50,0,57,60,73,79,89,56,201,201,201,200,197,198,182,152,200,218,206,218,207,172,304,355,332,325,388,375,933,927,1704,1292,2089,2088]} 1. c4 e5 2. Nc3 Nf6 3. Nf3 Nc6 4. e4 Bb4 5. d3 Bxc3+ (5... d6 6. a3 Bc5 7. b4 Bb6 8. Na4 Bg4 9. Be2 Nd7 10. Nxb6 axb6 11. Bb2 O-O 12. h3 Bxf3 13. Bxf3 Nd4 {1-0 (49) Nakamura,H (2746)-Sevian,S (2642) Saint Louis 2019}) 6. bxc3 {A28: English Opening: Four Knights Variation} d6 7. g3 h6 8. Bg2 {The position is equal.} Be6 9. O-O Qd7 10. Nh4 $146 ({Predecessor:} 10. Rb1 b6 11. Nh4 Bh3 12. Nf5 Bxg2 13. Kxg2 g6 14. Ne3 Nh5 15. Qg4 Ne7 16. h3 {½-½ (16) Semcesen,D (2472)-Westerberg,J (2414) Vasteras 2014}) 10... O-O-O 11. Qa4 Bh3 12. Nf5 Bxg2 13. Kxg2 Nh5 14. Rb1 Rde8 (14... g6 $11 15. Ne3 Nf4+ 16. gxf4 exf4) 15. f3 $14 g6 16. Ne3 f5 17. Nd5 $36 {[%mdl 2048] Be3 is the strong threat. White has some pressure.} f4 (17... b6 $1 $14) 18. g4 $18 ({Much less strong is} 18. gxf4 $6 exf4 19. Bxf4 (19. Nxf4 Nxf4+ 20. Bxf4 g5 $16) 19... Nxf4+ 20. Nxf4 g5 $16) 18... Ng7 19. Nf6 Qe7 20. Nxe8 Nxe8 21. d4 h5 {[#] And now ...hxg4 would win.} 22. g5 $1 Qxg5+ 23. Kh1 a6 24. Ba3 Qh4 (24... Nd8 $142 25. Rg1 Qh4 26. Rxg6 Qh3) 25. c5 dxc5 26. Bxc5 {aiming for Rxb7!} (26. dxc5 Qf6 $16) 26... Qh3 27. Qb3 b6 $2 {[#]} (27... Nd8 28. Be7 Nd6 29. Bxd6 (29. dxe5 N6f7 $18) 29... cxd6 30. Qc4+ Kd7 31. dxe5 Qe6 32. Qxe6+ Kxe6 33. exd6 b5) 28. Bxb6 $1 {[%mdl 512] White is clearly winning.} cxb6 29. Qxb6 {[%mdl 64] Double Attack} Kd7 30. dxe5 {Accuracy: White = 91%, Black = 34%.} 1-0

[Event "RUS-chT Premier 2019"]
[Site "Sochi"]
[Date "2019.05.10"]
[Round "9.2"]
[White "Shubin, Kirill"]
[Black "Kamsky, Gata"]
[Result "0-1"]
[WhiteElo "2404"]
[BlackElo "2664"]
[Annotator "TA"]
[PlyCount "42"]
[EventDate "2019.05.01"]
[EventType "team-tourn"]
[EventCountry "RUS"]
[SourceTitle "playchess.com"]
[Source "ChessBase"]
[SourceQuality "1"]

{[%evp 19,42,45,52,33,37,-4,0,-66,-72,-78,-82,-141,-148,-146,-145,-264,-264,-267,-263,-722,-737,-1803,-1785,-2185,-1917]} 1. d4 Nf6 2. c4 g6 3. Nc3 Bg7 4. e4 d6 5. Nf3 O-O 6. h3 e5 7. d5 a5 8. g4 Na6 9. Be3 Bd7 10. Nd2 Nc5 11. Qc2 {E90: King's Indian: Classical: Early deviations and 6 h3} c6 12. Rc1 $146 ({Predecessor:} 12. O-O-O cxd5 13. exd5 a4 14. a3 Qa5 15. g5 Nh5 16. Bxc5 dxc5 17. Be2 f5 18. Bxh5 gxh5 {½-½ (50) Melkumyan,H (2669)-Nguyen,A (2444) Bangkog 2018}) 12... h5 13. Nb3 (13. g5 $11 Nh7 14. Rg1) 13... Nxb3 $15 ({Of course not} 13... hxg4 $6 14. Nxc5 dxc5 15. hxg4 $14) 14. Qxb3 hxg4 15. Qxb7 (15. hxg4 $142 Nxg4 16. Bd2) 15... Rb8 $17 16. Qa6 {[#]} cxd5 $1 ({Don't play} 16... Rxb2 17. dxc6 Be6 18. Qa7 $15) 17. exd5 (17. cxd5 $17 Rxb2 18. Qxd6) 17... Bc8 $19 ({Stronger than} 17... Rxb2 18. Qxd6 Qb8 19. Qxb8 $11) 18. Qc6 Rxb2 19. Nb5 $2 (19. Bg5) 19... Ne4 {Strongly threatening ...Qh4!Black is clearly winning.} 20. Bg2 {[#]} Nxf2 $1 {[%mdl 512]} 21. Bxf2 Qg5 0-1

[Event "RUS-chT Premier 2019"]
[Site "Sochi"]
[Date "2019.05.10"]
[Round "9.3"]
[White "Timofeev, Artyom"]
[Black "Saveliev, Alexei"]
[Result "1-0"]
[WhiteElo "2602"]
[BlackElo "2367"]
[Annotator "ChessBase"]
[PlyCount "85"]
[EventDate "2019.05.01"]
[EventType "team-tourn"]
[EventCountry "RUS"]
[SourceTitle "playchess.com"]
[Source "ChessBase"]
[SourceQuality "1"]
[TimeControl "40/5400+30:1800+30"]

1. e4 {[%emt 0:00:00]} c5 {[%emt 0:00:00]} 2. Nf3 {[%emt 0:00:00]} e6 {[%emt 0:00:00]} 3. d4 {[%emt 0:00:00]} cxd4 {[%emt 0:00:00]} 4. Nxd4 {[%emt 0:00:00]} a6 {[%emt 0:00:00]} 5. Bd3 {[%emt 0:00:20]} Nf6 {[%emt 0:00:00]} 6. Qe2 {[%emt 0:01:27]} d6 {[%emt 0:00:16]} 7. O-O {[%emt 0:00:45]} Qc7 {[%emt 0:00:14]} 8. Kh1 {[%emt 0:01:32]} Be7 {[%emt 0:00:42]} 9. f4 {[%emt 0:00:18]} Nbd7 {[%emt 0:00:05]} 10. Nc3 {[%emt 0:01:08]} b6 {[%emt 0:01:57]} 11. Bd2 {[%emt 0:04:21]} Bb7 {[%emt 0:00:06]} 12. Rae1 {[%emt 0:00:09]} Qc5 {[%emt 0:03:28]} 13. Nf3 {[%emt 0:11:05]} Qh5 {[%emt 0:00:39]} 14. e5 {[%emt 0:03:15]} dxe5 {[%emt 0:03:50]} 15. fxe5 {[%emt 0:02:09]} Ng4 {[%emt 0:01:01]} 16. Be4 {[%emt 0:25:29]} Bxe4 {[%emt 0:01:35]} 17. Qxe4 {[%emt 0:06:45]} O-O {[%emt 0:00:58]} 18. h3 {[%emt 0:04:38]} Nh6 {[%emt 0:00:18]} 19. Nd4 {[%emt 0:00:23]} Rac8 {[%emt 0:10:55]} 20. Rf3 {[%emt 0:07:58]} Nc5 {[%emt 0:27:59]} 21. Qe3 {[%emt 0:03:15]} Rfd8 {[%emt 0:01:38]} 22. Nce2 {[%emt 0:04:24]} Qh4 {[%emt 0:08:06]} 23. Ref1 {[%emt 0:03:50]} g5 {[%emt 0:03:12]} 24. b4 {[%emt 0:07:36]} Nd7 {[%emt 0:01:57]} 25. Rg3 {[%emt 0:02:27]} Nf8 {[%emt 0:00:42]} 26. Rxg5+ {[%emt 0:02:48]} Bxg5 {[%emt 0:03:45]} 27. Qxg5+ {[%emt 0:00:06]} Qxg5 {[%emt 0:00:15]} 28. Bxg5 {[%emt 0:00:06]} Rd5 {[%emt 0:00:10]} 29. Bxh6 {[%emt 0:00:45]} Ng6 {[%emt 0:00:26]} 30. Nf3 {[%emt 0:05:27]} Rxc2 {[%emt 0:00:54]} 31. Nf4 {[%emt 0:00:31]} Nxf4 {[%emt 0:00:44]} 32. Bxf4 {[%emt 0:00:05]} Kg7 {[%emt 0:00:11]} 33. Bg5 {[%emt 0:01:11]} h6 {[%emt 0:00:14]} 34. Bf6+ {[%emt 0:00:14]} Kf8 {[%emt 0:00:17]} 35. Re1 {[%emt 0:01:05]} Rc4 {[%emt 0:00:25]} 36. a3 {[%emt 0:00:27]} Rd3 {[%emt 0:00:04]} 37. Kh2 {[%emt 0:00:49]} Ke8 {[%emt 0:00:02]} 38. Bg7 {[%emt 0:00:41]} h5 {[%emt 0:00:04]} 39. Ng5 {[%emt 0:00:12]} Kd7 {[%emt 0:04:51]} 40. Rf1 {[%emt 0:00:00]} Rxa3 {[%emt 0:00:00]} 41. Rxf7+ {[%emt 0:00:27]} Ke8 {[%emt 0:00:54]} 42. Bf6 {[%emt 0:00:47]} Rxb4 {[%emt 0:00:56]} 43. Rb7 {[%emt 0:00:28]} 1-0